Normal view
MARC view
Entry Personal Name
001 - CONTROL NUMBER
- control field: 88882
003 - CONTROL NUMBER IDENTIFIER
- control field: dpl
005 - DATE AND TIME OF LATEST TRANSACTION
- control field: 20260413143330.0
008 - FIXED-LENGTH DATA ELEMENTS
- fixed length control field: 260413|| aca||aabn | a|a d
040 ## - CATALOGING SOURCE
- Original cataloging agency: dpl
- Transcribing agency: dpl
100 ## - HEADING--PERSONAL NAME
- Personal name: Mishra, P.D
670 ## - SOURCE DATA FOUND
- Source citation: Work cat.: (dpl)141941: Mishra, P.D., World: the abode of god :, 2013
